| 000 | 01379nam0a22002771 4500 | ||
|---|---|---|---|
| 001 | rc\950950 | ||
| 005 | 20250622054013.0 | ||
| 035 | _a(NLR Aleph) 006122348 | ||
| 090 |
_a5474347 _c5474347 |
||
| 100 | _a20041129d1982 |||y0rusy50 ca | ||
| 101 | 0 | _arus | |
| 102 | _aRU | ||
| 105 | _ay ||||||||| | ||
| 200 | 1 |
_aУправление качеством продукции _f[К. э. н. В.Я. Оськин, С.С. Зубакова] |
|
| 210 |
_aМ. _cВНИИЭСМ _d1982 |
||
| 215 |
_a29 с. _d20 |
||
| 225 | 1 |
_aПромышленность строительных материалов _hСерия 12 _iЭкономика, планирование, управление и организация предприятий промышленности строительных материалов _eВ помощь экон. образованию _eОбзор. информ. _fВНИИ НТИ и экономики пром-сти строит. материалов _vВып. 3 |
|
| 300 | _aВ надзаг. также: М-во пром-сти строит. материалов СССР | ||
| 320 | _aБиблиогр. в подстроч. примеч. | ||
| 700 | 1 |
_aОськин _bВ.Я. _gВадим Яковлевич |
|
| 701 | 1 |
_aЗубакова _bС.С. |
|
| 801 | 0 |
_aRU _bNLR _gpsbo |
|
| 801 | 1 |
_aRU _bELAR _2rusmarc |
|
| 852 |
_aNLR _jП22/4921 |
||
| 942 | _cBOOK | ||
| 980 | _aNB | ||